| Tag |
First Indicator |
Second Indicator |
Subfields |
| LEADER |
00000cam a2200000 4500 |
| 001 |
in00000037087 |
| 005 |
20151007070414.0 |
| 008 |
730105s1960 mdua 00000 eng u |
| 010 |
|
|
|a 61002535
|
| 035 |
|
|
|a (OCoLC)00529993
|
| 035 |
|
|
|9 AAE3950AM
|
| 040 |
|
|
|c WSU
|d TXA
|d UtOrBLW
|
| 049 |
|
|
|a TXAM
|c [342341]
|
| 050 |
|
0 |
|a QB475
|b .S56
|
| 092 |
|
|
|a 523.016
|b S647r, 1960
|
| 100 |
1 |
|
|a Graham-Smith, Francis,
|d 1923-
|
| 245 |
1 |
0 |
|a Radio astronomy.
|
| 264 |
|
1 |
|a Baltimore :
|b Penguin Books,
|c [1960]
|
| 300 |
|
|
|a 264 pages :
|b illustrations ;
|c 19cm.
|
| 336 |
|
|
|a text
|b txt
|2 rdacontent
|
| 337 |
|
|
|a unmediated
|b n
|2 rdamedia
|
| 338 |
|
|
|a volume
|b nc
|2 rdacarrier
|
| 490 |
0 |
|
|a Pelican books, A479
|
| 650 |
|
0 |
|a Radio astronomy.
|
| 999 |
|
|
|a MARS
|
| 999 |
f |
f |
|s 132140f5-de3e-36e3-9032-068d333e61e4
|i 45ba92b1-01e3-3e18-b1aa-546f92301df8
|t 0
|
| 952 |
f |
f |
|p ric
|a Texas A&M University
|b Rellis Campus
|c Joint Library Facility
|d Remote Storage
|t 0
|e QB475 .S56
|h Library of Congress classification
|i unmediated -- volume
|m A14800900639
|
| 998 |
f |
f |
|a QB475 .S56
|t 0
|l Remote Storage
|